Super vilains du mcu - Statistiques

Statistiques générales
  • Ce quiz a été pris 105 fois
  • Le résultat moyen est 16 sur 52
Statistiques - réponses
Réponse % Correct
Thanos
96%
Loki
93%
Ultron
77%
Crâne rouge
76%
Hela
65%
Le soldat de l'hiver
59%
Ronan
57%
Mysterio
56%
Ego
52%
Erik Killmonger
52%
Baron Zemo
50%
L' Abomination
48%
Le Mandarin
48%
Yellow Jacket
48%
Le Vautour
46%
Whiplash
43%
Malekith
41%
Iron monger
39%
Arnim Zola
34%
Dormamu
33%
Kang le conquérant
32%
Ebony Maw
30%
Kaecilius
27%
Laufey
27%
Aldrich killian
26%
Proxima Midnight
26%
Nebula
24%
Justin Hammer
23%
Surtur
23%
Alexander Pierce
22%
Yon-rogg
22%
Corvus Glaive
21%
Crossbones
20%
Agatha Harkness
18%
Cull Obsidian
18%
Ghost
17%
Taskmaster
17%
Ulysse Klaw
13%
Dreykov
12%
Jasper Sitwell
11%
L'intelligence suprême
10%
Fenris
9%
Korath
9%
Sonny Burch
7%
L'autre
6%
Algrim
5%
Ravonna
4%
Minerva
2%
Powerbroker
2%
Batroc
1%
Karlie Morgentho
0%
White Vision
0%
Aucun quiz correspondant
Distribution des résultats
% des personnes avec chaque résultat
Percentile par nombre de réponses
Votre historique - résultats
Vous n’avez pas pris ce quiz